Quizzes
Events
Quiz Creation
Community
Videos
Private Events
Remove Ads
Sign In
Join for FREE
Feedback
Dark Mode
Quiz Categories
Sports
Geography
Music
Movies
Television
Just For Fun
Miscellaneous
History
Literature
Language
Science
Gaming
Entertainment
Religion
Holiday
For Kids
Quiz Lab
Recent
Popular Today
Quiz Kudos Today
Editor Picks
Curator Picks
Quizzes by...
Day
Popularity
Type
Ratings
Length
Year
Community
Subscriptions
Recent Discussions
Orange Saloon
Badges
Playlists
Quests
Create
Leaderboards
Showdown
Live 5
Trivia Bingo
Activity
Puzzle Library
Sporcle Events
Private Events
Virtual Trivia
Globe League
Become a Host
Pub Owners
SporcleCon
Opinionation
Our Games
Videos
Blog
Mobile Apps
Partnerships
Remove Ads and Go Orange
Feedback
Movies
Disney
Marvel Cinematic Universe
Movie Resume
Movie Titles
Oscar
Actor
Actress
Director
Pixar
Role
Movie Quotes
Movie Characters
Box Office
Nominee
Best Picture
Star Wars
James Bond
Horror Movies
Movies
Disney
Marvel Cinematic Universe
Movie Resume
Movie Titles
Oscar
Actor
Actress
Director
Pixar
Role
Movie Quotes
Movie Characters
Box Office
Nominee
Best Picture
Star Wars
James Bond
Horror Movies
Random Quiz
Search Sporcle
×
Quiz Lab
Quiz Lab
Movies
Nominee
Type in answers that appear in a list
Type in answers that appear in a list
Classic
Best Score? Go Orange.
Oscars: Every Best Cinematography Nominee 1967-2023 Stats
Can you name every film nominated for Best Cinematography?
By
squann
25m
285 Questions
610 Plays
610 Plays
610 Plays
Comments
Comments
Give Quiz Kudos
Give Quiz Kudos
-
- Ratings
hide this ad
More Info
Replay
Link that replays current quiz
Next Quiz
Link to next quiz in quiz playlist
You Got
0%
They Got
Avg Score
60%
Avg Friend Score
Upgrade to see
Score Distribution
Jump to the score distribution portion of the page
Score
0/285
Timer
25:00
0
Plays Today
Year
Answer
% Correct
2023
OPPENHEIMER
100%
2023
Poor Things
100%
1968
Star!
90.3%
1997
TITANIC
89.3%
2009
AVATAR
88.5%
1999
AMERICAN BEAUTY
88%
1993
SCHINDLER'S LIST
87.9%
1998
SAVING PRIVATE RYAN
87.9%
2001
THE LORD OF THE RINGS: THE FELLOWSHIP OF THE RING
87.9%
2014
BIRDMAN or (The Unexpected Virtue of Ignorance)
87.4%
2000
Gladiator
87.2%
2016
LA LA LAND
87.2%
1987
THE LAST EMPEROR
86.9%
2002
Chicago
86.7%
2007
THERE WILL BE BLOOD
86.4%
1996
THE ENGLISH PATIENT
86.1%
2017
BLADE RUNNER 2049
85.8%
1995
BRAVEHEART
85.7%
2007
No Country for Old Men
85.7%
1990
DANCES WITH WOLVES
85.6%
1984
Amadeus
84.6%
2008
SLUMDOG MILLIONAIRE
84.6%
1982
GANDHI
84.4%
2005
Brokeback Mountain
84.3%
2011
The Artist
84.1%
1994
Forrest Gump
83.9%
2004
THE AVIATOR
83.9%
2012
LIFE OF PI
83.9%
1970
Patton
83.8%
2009
The Hurt Locker
83.8%
2016
Moonlight
83.8%
2015
THE REVENANT
83.6%
1985
OUT OF AFRICA
83.4%
1982
E.T. the Extra-Terrestrial
83.1%
1992
Unforgiven
83.1%
2010
INCEPTION
83.1%
2010
The King's Speech
82.3%
2013
GRAVITY
82.3%
1986
Platoon
82%
2000
CROUCHING TIGER, HIDDEN DRAGON
81.6%
2012
Lincoln
81.6%
1981
REDS
81.5%
1996
Fargo
81.3%
1998
Shakespeare in Love
81.1%
1979
APOCALYPSE NOW
81%
1972
CABARET
80.8%
1973
The Sting
80.8%
1991
JFK
80.5%
2003
MASTER AND COMMANDER: THE FAR SIDE OF THE WORLD
80.3%
1978
The Deer Hunter
80.2%
2011
HUGO
80.2%
1971
The French Connection
80%
1980
Raging Bull
79.7%
1988
Rain Man
79.2%
2008
The Dark Knight
79%
1974
Chinatown
78.4%
1975
One Flew Over the Cuckoo's Nest
78.4%
1968
Oliver!
78.2%
1997
L.A. Confidential
78.2%
2010
Black Swan
78.2%
1975
BARRY LYNDON
78%
1981
Raiders of the Lost Ark
77.9%
2018
ROMA
77.9%
2002
Gangs of New York
77.7%
2016
Silence
77.7%
1984
THE KILLING FIELDS
77.5%
2007
Atonement
77.2%
1976
Network
76.9%
2017
The Shape of Water
76.7%
1973
The Exorcist
76.7%
1992
Howards End
76.7%
2010
The Social Network
76.7%
2002
The Pianist
76.6%
1969
BUTCH CASSIDY AND THE SUNDANCE KID
76.2%
2015
Mad Max: Fury Road
76.2%
1967
BONNIE AND CLYDE
75.9%
1977
CLOSE ENCOUNTERS OF THE THIRD KIND
75.9%
2001
Moulin Rouge!
75.9%
1991
Bugsy
75.7%
2006
PAN'S LABYRINTH
75.6%
2005
MEMOIRS OF A GEISHA
75.1%
1993
The Piano
74.9%
2009
Inglourious Basterds
74.9%
1979
Kramer vs. Kramer
74.8%
1990
The Godfather Part III
74.6%
1985
The Color Purple
74.4%
1989
Born on the Fourth of July
73.9%
1998
Elizabeth
73.9%
1998
The Thin Red Line
73.9%
1974
THE TOWERING INFERNO
73.8%
2008
The Curious Case of Benjamin Button
73.8%
1980
TESS
73.4%
2002
ROAD TO PERDITION
73.4%
2010
True Grit
73.4%
2019
1917
73.4%
Year
Answer
% Correct
1986
THE MISSION
73.3%
1994
The Shawshank Redemption
73.1%
1967
The Graduate
73%
1977
Julia
73%
1989
GLORY
73%
2012
Django Unchained
73%
2016
Arrival
72.8%
2018
A Star Is Born
72.5%
2016
Lion
72.3%
1999
The Insider
72.1%
2005
Good Night, and Good Luck
72%
1988
MISSISSIPPI BURNING
71.6%
2017
Dunkirk
71.5%
1978
DAYS OF HEAVEN
71.3%
2003
Seabiscuit
71.3%
1971
FIDDLER ON THE ROOF
70.8%
1994
LEGENDS OF THE FALL
70.8%
2014
The Grand Budapest Hotel
70.5%
1970
Airport
70.3%
1973
CRIES AND WHISPERS
70.3%
1983
The Right Stuff
70.3%
2006
Children of Men
70%
2013
Nebraska
70%
1983
FANNY AND ALEXANDER
69.7%
2011
War Horse
69.7%
2019
Once Upon a Time in Hollywood
69.6%
1991
Terminator 2: Judgment Day
69.3%
1979
All That Jazz
69.2%
2005
Batman Begins
69%
1985
Witness
68.9%
1981
On Golden Pond
68.7%
2018
The Favourite
68.6%
1997
Amistad
68.2%
2001
Amélie
68.2%
2015
The Hateful Eight
68%
1995
Sense and Sensibility
67.9%
1971
The Last Picture Show
67.7%
1985
Ran
67.7%
1970
RYAN'S DAUGHTER
67.5%
1980
Coal Miner's Daughter
67.5%
2001
Black Hawk Down
67.5%
1984
A Passage to India
67.2%
2017
Darkest Hour
67.2%
1976
BOUND FOR GLORY
67%
1982
Tootsie
66.7%
1986
A Room with a View
66.4%
2019
The Irishman
66.4%
2006
The Prestige
66.2%
2008
The Reader
66.2%
1977
The Turning Point
65.7%
1984
The River
65.7%
2000
O Brother, Where Art Thou?
65.6%
1976
A Star Is Born
65.4%
1968
ROMEO AND JULIET
64.9%
1990
Avalon
64.9%
1992
A RIVER RUNS THROUGH IT
64.8%
1976
King Kong
64.6%
2011
The Tree of Life
64.4%
2006
The Illusionist
64.3%
1969
Hello, Dolly!
63.8%
1991
Thelma & Louise
63.8%
2019
Joker
63.6%
1990
Dick Tracy
63.4%
1993
The Fugitive
63.4%
2015
Carol
63.3%
1997
Kundun
63.1%
2021
DUNE
63%
2002
Far from Heaven
63%
2003
City of God
63%
2012
Anna Karenina
63%
1972
The Poseidon Adventure
62.3%
1991
The Prince of Tides
62.1%
2003
Cold Mountain
62.1%
2007
The Diving Bell and the Butterfly
62.1%
1974
Earthquake
62%
1989
The Abyss
61.8%
1996
Evita
61.6%
1969
Anne of the Thousand Days
61.5%
2001
The Man Who Wasn't There
61.5%
1982
Das Boot
61.3%
2004
House of Flying Daggers
61.3%
1987
Empire of the Sun
61.1%
1988
Who Framed Roger Rabbit
61.1%
2012
Skyfall
61%
2005
The New World
60.5%
1971
Nicholas and Alexandra
60.2%
1978
Heaven Can Wait
60.2%
1987
Hope and Glory
59.8%
2007
The Assassination of Jesse James by the Coward Robert Ford
59.8%
1999
Sleepy Hollow
59.7%
2018
Cold War
59.6%
1982
Sophie's Choice
59.5%
1987
Broadcast News
59.5%
2015
Sicario
59.5%
1974
Lenny
59.3%
Year
Answer
% Correct
1979
1941
59.3%
2021
West Side Story
59.3%
2006
The Black Dahlia
59.2%
2011
The Girl with the Dragon Tattoo
59.2%
2014
Ida
59%
1981
Ragtime
58.7%
2022
ALL QUIET ON THE WESTERN FRONT
58.6%
2022
Elvis
58.6%
2009
The White Ribbon
58.5%
1968
Funny Girl
58.2%
2014
Mr. Turner
58.2%
2013
Prisoners
58%
2020
MANK
58%
1995
Batman Forever
57.5%
2013
The Grandmaster
57.2%
2014
Unbroken
57.2%
1992
Hoffa
56.9%
2020
Nomadland
56.8%
1967
In Cold Blood
56.7%
2004
The Passion of the Christ
56.7%
1983
Zelig
56.6%
1999
Snow Falling on Cedars
56.4%
1974
Murder on the Orient Express
56.1%
1972
1776
55.7%
1967
Doctor Dolittle
55.6%
1967
Camelot
55.1%
1973
The Way We Were
54.9%
1979
The Black Hole
54.9%
1996
Fly Away Home
54.9%
1971
Summer of '42
54.8%
2013
Inside Llewyn Davis
54.8%
1986
Peggy Sue Got Married
54.6%
1996
Michael Collins
54.6%
1983
WarGames
54.4%
1988
Tequila Sunrise
54.4%
2000
Malèna
54.4%
1970
Women in Love
54.3%
1994
Three Colors: Red
54.3%
1975
The Hindenburg
54.1%
1989
Blaze
54.1%
1992
The Lover
53.8%
1997
The Wings of the Dove
53.8%
2009
Harry Potter and the Half-Blood Prince
53.8%
2004
A Very Long Engagement
53.6%
2019
The Lighthouse
53.3%
2000
The Patriot
53.1%
1987
Matewan
53%
2004
The Phantom of the Opera
53%
1970
Tora! Tora! Tora!
52.8%
1976
Logan's Run
52.6%
1995
A Little Princess
52.6%
1999
The End of the Affair
52.6%
2008
Changeling
52.6%
1978
The Wiz
52.5%
1986
Star Trek IV: The Voyage Home
52.5%
1994
Wyatt Earp
52.5%
1983
Flashdance
52.1%
2021
The Power of the Dog
51.9%
2003
Girl with a Pearl Earring
51.8%
2022
Tár
51.7%
1985
Murphy's Romance
51.3%
2017
Mudbound
51.2%
1993
Searching for Bobby Fischer
51%
1995
Shanghai Triad
50.8%
1975
Funny Lady
50.7%
1988
The Unbearable Lightness of Being
50.3%
1972
Butterflies Are Free
50%
1984
The Natural
50%
2023
El Conde
50%
2023
Killers of the Flower Moon
50%
2023
Maestro
50%
1977
Islands in the Stream
49.7%
1989
The Fabulous Baker Boys
49.7%
2018
Never Look Away
49.6%
1973
Jonathan Livingston Seagull
49.3%
1990
Henry & June
49.2%
1972
Travels with My Aunt
48.9%
1998
A Civil Action
48.9%
1975
The Day of the Locust
48.4%
1977
Looking for Mr. Goodbar
48.4%
1980
The Blue Lagoon
47.4%
2020
Judas and the Black Messiah
46.9%
1969
Bob & Carol & Ted & Alice
46.9%
1969
Marooned
46.4%
1993
Farewell My Concubine
46.2%
1981
Excalibur
46.1%
1980
The Formula
45.9%
2022
Empire of Light
44.8%
2021
Nightmare Alley
44.4%
1968
Ice Station Zebra
43.6%
1978
Same Time, Next Year
43.6%
2020
The Trial of the Chicago 7
43.2%
2022
Bardo, False Chronicle of a Handful of Truths
41.4%
2020
News of the World
38.3%
2021
The Tragedy of Macbeth
34.6%
Quiz Playlist
Details
Report
Send in Message
Add To Playlist
More Info:
Every Best Cinematography nominee at the Academy Awards from 1967 onward (1967 is when the films stopped being divided between B&W and color).
Classic:
Type in answers that appear in a list
Last Updated: Mar 11, 2024
Quiz Scoreboard
CHALLENGE
Sign Up to Join the Scoreboard
Show All
Scores
Hide
Comments
May contain spoilers
Recently Published
NBA Finals Game Top Scorers (2010s)
by flibbidy
Sports
5m
Guess the 'R' Things in 3 Words
by MSUKent
Miscellaneous
3m
Actor to Badly Drawn Movie III
by MoMosMoProblems
Movies
5m
More to Explore
Quiz From the Vault
Featured Blog Post
Where Does Lost Luggage Go?
hide this ad
You Might Also Like...
Tags
Nominee Quiz
Oscar Quiz
Cinematography
Today's Top Quizzes in Movies
Browse Movies
hide this ad
Today's Top Quizzes in Nominee
Browse Nominee
Trending Topics
Kpop
Harry Potter
Marvel
Disney
NBA
Anime
Crossword
WWE
The Office
Country
Puzzle
NFL
Song
Soccer
Pokémon
hide this ad
More By:
squann
Quiz
Plays
Rating
Category
Featured
Created
Oscars: Every Best Cinematography Nominee 1967-2023
610
4.00
Movies
Jul 15, 2017
Oscars: Every Best Art Direction Nominee 1967-2022
510
4.00
Movies
Jul 15, 2017
James Bond at the Oscars
471
4.75
Entertainment
Jul 26, 2019
Oscars: Every Best Visual Effects Nominee 1977-2022
328
4.00
Movies
Apr 27, 2019
Oscars: Best Cinematography Nominees 1992 and Onward
236
4.00
Movies
Jun 30, 2018
Go to Creator's Profile
Score Distribution
Quiz Creator Spotlight
squann
Follow
Send a Message
Quizzes Created
-
Created Quiz Play Count
-
More By This Creator
Popular Quizzes Today
1
Find the US States - No Outlines Minefield
2
Find the US States
3
The Countries of the World
4
10 Largest US States in Order
5
Find the Countries of Europe - No Outlines Minefield
6
US States
7
Guess the 'R' Things in 3 Words
8
NBA Finals Game Top Scorers (2010s)
More Movies Quizzes
The '10-to-1 Movie Franchise Director Match-Up' Quiz!
Quiz Lab
Trending Quizzes
First Name TV: Leading Men
Match the Book to the Film II
First Name TV: Leading Women Drama
3-Word Movies in 1 Word II
Match the Book to the Film VI
Recently Updated
Women's Final Four Teams by Year
bhenderson79
Presidents Quartet II
eogle
Anything But Clue(do)
eogle
Anything But Oceanian Capitals
eogle
Anything But 7
eogle
Anything But Thing
eogle
Word Ladder: February 29
pecheneg
Song Title Questions
pecheneg
Women's NCAA Tournament #1 Seeds
pecheneg
Celebrity Mug Shots
pecheneg
Trending Topics
Harry Potter
Crossword
Anime
Kpop
Marvel
NBA
Disney
Soccer
Pokémon
WWE
Country
The Office
Puzzle
Song
NFL
Your Account Isn't Verified!
In order to create a playlist on Sporcle, you need to verify the email address you used during registration. Go to your
Sporcle Settings
to finish the process.
Report this User
Report this user for behavior that violates our
Community Guidelines
.
Details:
Send Report
Go to the Sporcle.com Mobile Site →
Comments